Equipes de l'overwatch league-Saison 2023 - Statistiques

Statistiques générales
  • Ce quiz a été pris 34 fois
  • Le résultat moyen est 9 sur 16
Statistiques - réponses
Par images Réponse % Correct
Atlanta Reign
92%
Dallas Fuel
88%
Boston Uprising
79%
London Spitfire
71%
Florida Mayhem
58%
Los Angeles Gladiators
58%
Houston Outlaws
54%
Los Angeles Valiant
50%
New York Excelsior
50%
San Francisco Shock
50%
Guangzhou Charge
42%
Hangzhou Spark
42%
Toronto Defiant
38%
Shangai Dragons
29%
Seoul Infernal
25%
Vegas Eternal
25%
Aucun quiz correspondant
Distribution des résultats
% des personnes avec chaque résultat
Percentile par nombre de réponses
Votre historique - résultats
Vous n’avez pas pris ce quiz